| 000 | 00529nam a2200181Ia 4500 | ||
|---|---|---|---|
| 003 | GCL | ||
| 008 | 140319s9999 xx 000 0 ara d | ||
| 040 |
_aGCL / _cGCL |
||
| 082 | 0 | 4 |
_a126 _bد ر |
| 100 | 1 | _aرياض حبيب يوسف | |
| 245 | 1 | 0 |
_aكيف تنمى ثقتك بنفسك / _cرياض حبيب يوسف |
| 260 |
_a[S.N] : _bدار المعارف ، _c1986 |
||
| 300 | _a190 | ||
| 490 |
_aاضواء على حياتك _v0 |
||
| 650 | 0 | 4 | _aعلم النفس |
| 650 | 0 | 4 | _aالثقة بالنفس |
| 942 |
_2ddc _cBK |
||
| 999 |
_c54066 _d54066 |
||